<?xml version="1.0" encoding="UTF-8"?>
<collection xmlns="http://www.loc.gov/MARC21/slim">
 <record>
  <leader>00558pamaa2200169   4500</leader>
  <controlfield tag="001">0000036953</controlfield>
  <controlfield tag="005">20151022090000.0</controlfield>
  <datafield tag="020" ind1="0" ind2="0">
   <subfield code="a">983915429X (pbk) </subfield>
  </datafield>
  <datafield tag="082" ind1=" " ind2=" ">
   <subfield code="a">340.59 QAR</subfield>
  </datafield>
  <datafield tag="090" ind1="0" ind2="0">
   <subfield code="a">BP174 </subfield>
   <subfield code="b">QAR</subfield>
  </datafield>
  <datafield tag="100" ind1="1" ind2="0">
   <subfield code="a">AL-QARADAWI </subfield>
  </datafield>
  <datafield tag="245" ind1="1" ind2="0">
   <subfield code="a">The lawful and the prohibited in Islam (al-halal wal haram fil islam)  </subfield>
   <subfield code="c">Yusuf al-Qaradawi ; Translated by Kamal El-Helbawy, M. Moinuddin Siddiqui, Syed Shukry.</subfield>
  </datafield>
  <datafield tag="260" ind1="0" ind2="0">
   <subfield code="a">Kuala Lumpur: </subfield>
   <subfield code="b">Islamic Book Trust, </subfield>
   <subfield code="c">2001.</subfield>
  </datafield>
  <datafield tag="300" ind1=" " ind2=" ">
   <subfield code="a">xii, 356p.: </subfield>
   <subfield code="b">22cm.</subfield>
  </datafield>
  <datafield tag="501" ind1="0" ind2="0">
   <subfield code="a">LAN</subfield>
  </datafield>
  <datafield tag="650" ind1="0" ind2="0">
   <subfield code="a">Law -- </subfield>
   <subfield code="x">Islam </subfield>
  </datafield>
  <datafield tag="700" ind1="1" ind2="1">
   <subfield code="a">El-Helbawy, </subfield>
   <subfield code="h">Kamal </subfield>
  </datafield>
 </record>
</collection>
